01567nab a22002537a 4500999001500000003000400015005001700019008004100036040000700077100003700084245011600121260007300237300001300310500007500323505051300398505008900911650003501000650001801035650003101053650004001084650003401124773014201158942001301300 c6351d6351OSt20260131192356.0190603e xxum|||| |||| 00| 0 spa d cPJ 97007aCompiani, María Fabiana 13aEl contrato de seguro a diez años de la vigencia del Código Civil y Comercial /cMaría Fabiana Compiani.  cCiudad Autónoma de Buenos Aires :aThomson Reuters La Ley, b2025. ap. 49-56 aCita: TR LALEY AR/DOC/2869/2025 Publicado en: RCCyC 2025 (Diciembre). aSumario: I. Los pronósticos acerca de la armonización de las normativas que concurren a regular el contrato de seguro.— II. El estado de la cuestión desde la vigencia del Cód. Civ. y Com. El diálogo de fuentes y el resultado tangible de la imprevisibilidad reinante.— III. La cuestión de la prescripción y de la suspensión de cobertura por falta de pago.— IV. Las perspectivas: ¿la modificación total o parcial de la Ley de Contrato de Seguro corrige los problemas?— V. Colofón.  t¿Te interesa el texto completo? Solicitalo al correo: koha@justierradelfuego.gov.ar 091497aCODIGO CIVIL Y COMERCIAL 091921aSEGUROS 095417aCONTRATOS DE CONSUMO 092600aLEY DE DEFENSA DEL CONSUMIDOR 092608aDERECHOS DEL CONSUMIDOR0 0271393170dCiudad Autónoma de Buenos Aires : Thomson Reuters La Ley, 2015-tRevista Código Civil y Comercial. Nº 6 - Diciembre 2025 2udccANA